[Event "Kortschnoj 70"]
[Site "St Petersburg"]
[Date "2001.03.20"]
[Round "1"]
[White "Sakaev, Konstantin"]
[Black "Rublevsky, Sergei"]
[Result "1-0"]
[WhiteElo "2639"]
[BlackElo "2657"]
[Annotator "Horn,Peter"]
[PlyCount "87"]
[EventDate "2001.03.20"]
[EventType "tourn (rapid)"]
[EventRounds "10"]
[EventCountry "RUS"]
[EventCategory "13"]
[SourceTitle "CBM 082"]
[Source "ChessBase"]
[SourceDate "2001.05.17"]
[SourceVersion "1"]
[SourceVersionDate "2001.05.17"]
[SourceQuality "1"]

1. e4 c5 2. Nf3 e6 3. d3 Nc6 4. g3 Nge7 5. Bg2 g6 6. O-O Bg7 7. c3 O-O 8. Na3 e5 $11 {In diesen sizilianischen Stellungsbildern hat Schwarz meist wenig Probleme. Hier hat er sogar noch die Option auf d7-d5.} ({RR} 8... d5 9. Qe2 b6 10. e5 Ba6 11. Nc2 b5 12. d4 Qb6 13. b4 cxd4 14. cxd4 Bb7 15. Bf4 a5 16. a3 axb4 17. axb4 Ra4 18. Qd2 Rfa8 19. h4 Rxa1 20. Rxa1 Rxa1+ 21. Nxa1 Qa7 22. Nb3 Qa3 23. Nc5 {Bologan,V (2640)-Vitiugov,N (2726) Doha 2016 0-1 (52)}) ({RR} 8... d6 9. d4 cxd4 10. cxd4 d5 11. e5 Nf5 12. Nc2 f6 13. g4 Nfxd4 14. Ncxd4 fxe5 15. Nb3 e4 16. Nfd2 Qh4 17. Nxe4 dxe4 18. Bxe4 Ne5 19. f3 Qh3 20. Qe2 a5 21. a4 Nxg4 22. Qg2 Qxg2+ 23. Kxg2 {Aird,I (1840)-Larkins,L (1998) Norfolk, VA USA 2024 0-1 (32)}) 9. Nc4 d6 10. a4 h6 11. Bd2 $146 ({RR} 11. Be3 Be6 12. Qd2 Kh7 13. b4 f5 14. exf5 Nxf5 15. bxc5 d5 16. Nd6 Nxd6 17. cxd6 Qxd6 18. Rab1 b6 19. Ne1 Rac8 20. Nc2 Na5 21. d4 Nc4 22. Qe2 e4 23. Rfc1 Qd7 24. Ra1 Bg4 25. Qf1 Rf7 {Totsky,L (2490)-Beshukov,S (2405) Maikop 1998 0-1 (39)}) ({RR} 11. Ne1 Be6 12. Qe2 Qd7 13. f4 exf4 14. gxf4 f5 15. Ne3 Rae8 16. Qf2 {½-½ (16) Maes,W (2265)-Weber,M (2108) Police 2013}) 11... f5 {In diesem Zug liegt der Sinn des schwarzen Aufbaus (speziell von e7). Weiß müßte erst seinen f3 entfernen, um f2-f4 durchzusetzen.} ({Man kann sich auch Zeit lassen, und zuerst nützliche Züge machen:} 11... Be6 12. b4 Qd7 13. a5 f5 14. Qe2 cxb4 15. exf5 (15. cxb4 fxe4 16. dxe4 Rxf3 $19) 15... Bxf5 16. Ne3 (16. cxb4 Bg4 $17) 16... bxc3 $17 {Moutousis,K-Rogozenko,D/Debrecen 1992/EU-chT}) 12. exf5 (12. Qb3 {bringt nach} Be6 {nichts, da} 13. Qxb7 $140 $4 {nicht möglich ist:} Rb8 14. Qa6 Bc8 $19) 12... Bxf5 13. Qe2 Qd7 {Hier sieht die schwarze Stellung bereits angenehmer aus.} 14. Nh4 Bg4 15. f3 Be6 {[%csl Rh4] Der h4 muß jetzt ein Rückzugsfeld finden.} 16. f4 exf4 17. gxf4 d5 18. Ne5 Nxe5 19. fxe5 g5 (19... Rxf1+ {stellt Schwarz bereits eine unangenehme Frage, da} 20. Rxf1 Qxa4 {einen  einbüßt.}) 20. Nf3 Nc6 21. d4 g4 22. Nh4 cxd4 (22... Rxf1+) 23. Ng6 {Weiß dürfte nicht allzu unglücklich über den Bauernverlust gewesen sein, da er zum ersten Mal in der Partie ein wenig aktives Spiel erhält (zumal in einer Schnellpartie!).} Rxf1+ 24. Rxf1 dxc3 25. bxc3 Re8 26. Qd3 d4 (26... b6 $142 $17) 27. c4 Rd8 (27... b6 $17) 28. a5 Ne7 ({Nun ist es zu spät:} 28... b6 $4 29. Bxc6 $18) 29. Nf4 Bf5 30. Qb3 $44 Bxe5 31. c5+ Kh8 32. Re1 Bg7 33. a6 $1 {[%csl Gc5] Damit erkämpft sich Sakaev einen gefährlichen Freibauern.} (33. Qxb7 Qxb7 34. Bxb7 Rd7) 33... bxa6 34. Nh5 Ng6 35. c6 Qc7 36. Nxg7 Qxg7 37. Qb7 Nh4 38. Re7 Qg6 39. Bf4 Nf3+ 40. Kf2 Rf8 $2 (40... Re8 41. Bxf3 Rxe7 42. Qxe7 gxf3 43. Be5+ Kg8 $11) 41. Bxf3 Bd7 (41... gxf3 42. Be5+ $18) 42. Be5+ Kg8 43. cxd7 Rxf3+ 44. Qxf3 1-0

[Event "GER CupT final"]
[Site "Luebeck"]
[Date "2001.03.24"]
[Round "1.1"]
[White "Vaganian, Rafael A"]
[Black "Tischbierek, Raj"]
[Result "1-0"]
[WhiteElo "2641"]
[BlackElo "2527"]
[PlyCount "93"]
[EventDate "2001.03.24"]
[EventType "team"]
[EventRounds "2"]
[EventCountry "GER"]
[SourceTitle "CBM 082"]
[Source "ChessBase"]
[SourceDate "2001.05.17"]
[SourceVersion "1"]
[SourceVersionDate "2001.05.17"]
[SourceQuality "1"]
[WhiteTeam "Porz"]
[BlackTeam "Kreuzberg"]
[WhiteTeamCountry "GER"]
[BlackTeamCountry "GER"]

1. Nf3 d6 2. g3 e5 3. Bg2 f5 4. d3 Nf6 5. c4 g6 ({RR} 5... c6 6. O-O Be7 7. c5 Na6 8. cxd6 Bxd6 9. Nbd2 Bc7 10. b3 Qe7 11. Bb2 O-O 12. Nc4 Nd7 13. Qd2 Re8 14. e4 fxe4 15. dxe4 Nac5 16. Qc2 Qf6 17. Rad1 Qg6 18. Ncxe5 Nxe5 19. Qxc5 Nxf3+ 20. Bxf3 {Kortis,W (2110)-Gaprindashvili,N (2274) Acqui Terme ITA 2023 ½-½}) 6. b4 Bg7 7. Bb2 O-O 8. O-O $146 ({RR} 8. Qb3 h6 9. O-O Kh7 10. Nfd2 Nc6 11. e3 f4 12. exf4 exf4 13. b5 Ne7 14. Nc3 Nf5 15. Ne2 fxg3 16. hxg3 Ng4 17. d4 Rb8 18. Qd3 Ne7 19. Nf4 Rxf4 20. gxf4 Nf5 21. Be4 Nf6 22. Rfe1 Nxe4 {Neumann,C (2196)-Eggenstein,F (2159) Germany 2008 ½-½ (31)}) ({RR} 8. Qb3 Qe7 9. O-O Kh8 10. Nc3 Nc6 11. b5 Nd8 12. Nd5 Nxd5 13. cxd5 Bd7 14. Rac1 Be8 15. Nd2 g5 16. Rc2 Bh5 17. Nc4 b6 18. a4 Nb7 19. Ba3 Rac8 20. a5 f4 21. Be4 g4 22. f3 fxg3 {Aoyama,E (1915)-Caporale,G (1783) Monte Libano 2012 0-1 (49)}) 8... a5 9. a3 axb4 10. axb4 Rxa1 11. Bxa1 Nc6 12. b5 Ne7 13. Qb3 Kh8 14. c5 e4 15. cxd6 cxd6 16. dxe4 fxe4 17. Nd4 d5 18. Na3 Qd6 19. Nac2 h5 20. Bc3 h4 21. Bb4 Qe5 22. Qa3 Nfg8 23. gxh4 Re8 24. Qg3 Nf5 25. Nxf5 gxf5 26. Qxe5 Bxe5 27. f4 exf3 28. exf3 f4 29. Re1 Nf6 30. Rxe5 Rxe5 31. Bc3 d4 32. Bxd4 Rxb5 33. Bxf6+ Kh7 34. Bf1 Rb1 35. Kf2 Bf5 36. Nd4 Rb2+ 37. Kg1 Rb1 38. Nxf5 Kg6 39. Bc3 Kxf5 40. Kg2 Rd1 41. Be2 Rd8 42. Kh3 Rd6 43. Bc4 Rd8 44. Ba2 Rd1 45. Bb3 Rc1 46. Bb2 Rc5 47. Bd4 1-0

[Event "RUS-chT 08th final A"]
[Site "Tomsk"]
[Date "2001.05.19"]
[Round "1"]
[White "Pigusov, Evgeny"]
[Black "Motylev, Alexander"]
[Result "1-0"]
[WhiteElo "2584"]
[BlackElo "2601"]
[PlyCount "87"]
[EventDate "2001.05.19"]
[EventType "team-tourn"]
[EventRounds "3"]
[EventCountry "RUS"]
[SourceTitle "EXT 2020"]
[Source "ChessBase"]
[SourceDate "2019.10.17"]
[SourceVersion "1"]
[SourceVersionDate "2019.10.17"]
[SourceQuality "1"]
[WhiteTeam "Tomsk 400"]
[BlackTeam "Tyumen Gazovik"]
[WhiteTeamCountry "RUS"]
[BlackTeamCountry "RUS"]

1. Nf3 d5 2. g3 c6 3. Bg2 Bg4 4. d3 Nd7 5. O-O e5 6. h3 Bh5 7. c4 d4 8. e3 dxe3 9. Bxe3 Ngf6 10. Nc3 Bd6 11. g4 $146 ({RR} 11. Rb1 a5 12. a3 O-O 13. b4 axb4 14. axb4 Ra3 15. Qc1 Qa8 16. Nh4 Rc8 17. g4 Bg6 18. Nxg6 hxg6 19. Qb2 Bf8 20. c5 Ra2 21. Ra1 Rxa1 22. Rxa1 Qb8 23. Qa2 Ne8 24. Qa7 Nc7 25. f4 exf4 {Deepan Chakkravarthy,J (2379)-Swati,G (2280) Mumbai 2003 1-0 (41)}) 11... Bg6 12. d4 O-O 13. d5 Bb4 14. Nh4 Nb6 15. Nxg6 hxg6 16. dxc6 bxc6 17. Qb3 Qe7 18. Na4 e4 19. a3 Ba5 20. Nxb6 Bxb6 21. Bxb6 Rab8 22. Qe3 axb6 23. g5 Nh7 24. h4 f5 25. f3 b5 26. fxe4 bxc4 27. Qd4 f4 28. e5 Kh8 29. Rae1 Rbd8 30. Qf2 Rf5 31. e6 Rdf8 32. Bh3 Rb5 33. Re4 f3 34. Rxc4 Qd6 35. Re4 Re5 36. Rxe5 Qxe5 37. Re1 Qf4 38. e7 Re8 39. Bd7 Nxg5 40. hxg5 Qxg5+ 41. Kh1 Qh5+ 42. Qh2 f2 43. Rf1 Rxe7 44. Bxc6 1-0

[Event "Lausanne YM 3rd"]
[Site "Lausanne"]
[Date "2001.05.23"]
[Round "2.4"]
[White "Sasikiran, Krishnan"]
[Black "Harikrishna, Pentala"]
[Result "1-0"]
[WhiteElo "2611"]
[BlackElo "2504"]
[PlyCount "77"]
[EventDate "2001.05.20"]
[EventType "k.o."]
[EventRounds "4"]
[EventCountry "SUI"]
[SourceTitle "CBM 082 Extra"]
[Source "ChessBase"]
[SourceDate "2001.07.03"]
[SourceVersion "1"]
[SourceVersionDate "2001.07.03"]
[SourceQuality "1"]

1. Nf3 Nf6 2. g3 b6 3. Bg2 Bb7 4. O-O d5 5. d3 e6 6. Nbd2 Nbd7 7. b3 Be7 8. Bb2 O-O 9. e3 Bd6 10. Qe2 Qe7 11. e4 $146 ({RR} 11. a4 e5 12. a5 c5 13. e4 Bc7 14. a6 Bc6 15. exd5 Nxd5 16. c4 Nb4 17. d4 cxd4 18. Nxd4 Bxg2 19. Kxg2 Nc5 20. Bc3 Ncd3 21. Nb5 f5 22. Ra4 Bd6 23. Nxd6 Qxd6 24. Rd1 Nc6 25. Nf3 Rad8 {Vasiukov,E (2495)-Aseev,K (2295) Moscow 1982 0-1 (69)}) 11... Ba3 12. Bxa3 Qxa3 13. e5 Ne8 14. h4 Qe7 15. Rfe1 c5 16. c4 Nc7 17. Nf1 f6 18. exf6 Qxf6 19. N1h2 d4 20. Ng5 Bxg2 21. Kxg2 h6 22. Ne4 Qe7 23. Nf3 Rf5 24. h5 Nf8 25. Nh4 Rf7 26. Qg4 Ne8 27. Re2 Nf6 28. Nxf6+ Rxf6 29. Rae1 Qf7 30. f4 Re8 31. Nf3 Nd7 32. Nd2 Rf5 33. Ne4 Nf6 34. Qxf5 exf5 35. Nxf6+ Qxf6 36. Rxe8+ Kf7 37. R8e5 Kg8 38. Re7 a6 39. R1e6 1-0

[Event "EU-ch 2nd"]
[Site "Ohrid"]
[Date "2001.06.02"]
[Round "2"]
[White "Movsesian, Sergei"]
[Black "Goloshchapov, Alexander"]
[Result "1-0"]
[WhiteElo "2661"]
[BlackElo "2528"]
[PlyCount "157"]
[EventDate "2001.06.01"]
[EventType "swiss"]
[EventRounds "13"]
[EventCountry "YUG"]
[SourceTitle "CBM 084"]
[Source "ChessBase"]
[SourceDate "2001.09.13"]
[SourceVersion "1"]
[SourceVersionDate "2001.09.13"]
[SourceQuality "1"]

1. g3 d5 2. Nf3 c6 3. Bg2 Bg4 4. O-O Nd7 5. d3 e5 6. e4 dxe4 7. dxe4 Bc5 ({RR} 7... Ngf6 8. Qe2 Be7 9. b3 O-O 10. Bb2 Qc7 11. Nbd2 Rfe8 12. a4 Bf8 13. Nc4 Nc5 14. h3 Bxf3 15. Bxf3 b5 16. axb5 cxb5 17. Ne3 Rab8 18. Bg2 a5 19. Rfc1 Qb6 20. Bc3 a4 21. bxa4 Nxa4 22. Bd2 {Bareev,E (2663)-Rublevsky,S (2688) Novosibirsk 2012 ½-½ (46)}) ({RR} 7... Ngf6 8. Qe2 Bc5 9. b3 O-O 10. Bb2 Re8 11. Rd1 Qc7 12. Nbd2 a5 13. a4 Nf8 14. Nc4 Ng6 15. Ne3 Be6 16. Nf5 Ng4 17. N3d4 h5 18. Nxe6 fxe6 19. Ne3 Bxe3 20. fxe3 Qb6 21. Re1 Rf8 22. Bf3 {Nanayakkara,S (1813)-Wijerathna,V (2117) Colombo SRI 2025 0-1 (55)}) 8. Nbd2 f6 9. c3 $146 ({RR} 9. Nc4 Qc7 10. Be3 Rd8 11. Qe2 Bxe3 12. Nxe3 Be6 13. Nf5 Bxf5 14. exf5 Ne7 15. Nh4 O-O 16. a4 a5 17. Rfd1 Nb6 18. b3 Rxd1+ 19. Rxd1 Rd8 20. c4 Rxd1+ 21. Qxd1 Nd7 22. Qh5 Qb8 23. Qd1 Nc5 {Sugar,K (2205)-Kovacs,L Hungary 1989 0-1 (35)}) ({RR} 9. Qe2) 9... a5 10. Qe2 Ne7 11. Rd1 Qc7 12. a4 Be6 13. Qf1 Nb6 14. Bh3 Qc8 15. Bxe6 Qxe6 16. Ne1 O-O 17. Nd3 Bd6 18. b3 Rad8 19. Qe2 Nec8 20. Rb1 Be7 21. Nf1 Nd7 22. Be3 Nd6 23. Nd2 b5 24. Ra1 Nb7 25. Nb2 Nd6 26. axb5 Nxb5 27. Rdc1 Ra8 28. Ndc4 Nd6 29. Qd3 Nb7 30. Na4 Bc5 31. Rd1 Rf7 32. Rd2 Bxe3 33. Qxe3 Qe7 34. Rxd7 Qxd7 35. Nab6 Qd8 36. Nxa8 Qxa8 37. b4 Qa6 38. Nxa5 Rd7 39. Kg2 c5 40. Qf3 cxb4 41. cxb4 Nxa5 42. bxa5 Rd3 43. Qg4 Rd8 44. h4 Kh8 45. Qf3 h6 46. h5 Rd2 47. Kg1 Rd3 48. Qg4 Rd2 49. Qf5 Rd8 50. Qf3 Rd3 51. Qg2 Qa7 52. a6 Qd4 53. Ra2 Qa7 54. Qh3 Rc3 55. Rd2 Qa8 56. Qe6 Rc8 57. Kh2 Rc6 58. Qe7 Rc8 59. Qb7 Rb8 60. Qxa8 Rxa8 61. Ra2 Ra7 62. Kg2 Kg8 63. Kf3 Kf7 64. Ke3 Ke6 65. Kd3 Kd6 66. Kc4 Kc6 67. Ra3 Kb6 68. Kd5 Kc7 69. Kc5 Kb8 70. Kb6 Rd7 71. Rc3 Rd6+ 72. Rc6 Rd7 73. Re6 Rd8 74. f4 exf4 75. gxf4 Ka8 76. a7 Rf8 77. Rd6 Re8 78. e5 fxe5 79. fxe5 1-0

[Event "EU-ch 2nd"]
[Site "Ohrid"]
[Date "2001.06.03"]
[Round "3"]
[White "Piket, Jeroen"]
[Black "Zelcic, Robert"]
[Result "1-0"]
[WhiteElo "2628"]
[BlackElo "2503"]
[PlyCount "79"]
[EventDate "2001.06.01"]
[EventType "swiss"]
[EventRounds "13"]
[EventCountry "YUG"]
[SourceTitle "CBM 084"]
[Source "ChessBase"]
[SourceDate "2001.09.13"]
[SourceVersion "1"]
[SourceVersionDate "2001.09.13"]
[SourceQuality "1"]

1. Nf3 Nf6 2. g3 d5 3. Bg2 e6 4. O-O c5 5. d3 Nc6 6. Nbd2 d4 ({RR} 6... g6 7. e4 {½-½ (7) Genba,V (2445)-Poluljahov,A (2505) Krasnoyarsk 1998}) 7. a4 Bd6 $146 ({RR} 7... a6 8. Nc4 Rb8 9. a5 Be7 10. Bf4 Ra8 11. Nb6 Ra7 12. Nd2 O-O 13. Ndc4 Nd5 14. Bd2 Qc7 15. Nxd5 exd5 16. Bxd5 Rd8 17. Bg2 Be6 18. b3 Raa8 19. Bf4 Qd7 20. Nb6 Qe8 21. Nxa8 Rxa8 22. Bd2 {Neef,M (2265)-Von Malottki,R (1944) Playchess.com INT 2012 1-0 (51)}) ({RR} 7... Be7 8. Nc4 O-O 9. e4 dxe3 10. Bxe3 Nd5 11. Bd2 Bf6 12. c3 b6 13. Qe2 Bb7 14. h4 h6 15. h5 Re8 16. Nh2 Bg5 17. f4 Be7 18. Ng4 Qc7 19. Nge5 Nf6 20. Rf2 Na5 21. Nxa5 bxa5 22. c4 {Harshavardhan,G (2434)-Janaszak,D (2322) chess.com INT 2023 1-0 (45)}) 8. Nc4 Bc7 9. c3 O-O 10. Bg5 h6 11. Bxf6 Qxf6 12. Nfd2 Bd7 13. cxd4 cxd4 14. Qb3 Rab8 15. Qa3 a5 16. Ne4 Qg6 17. Nc5 Bc8 18. Na6 bxa6 19. Bxc6 Rb4 20. Rfc1 e5 21. Bd5 Bd7 22. b3 Rfb8 23. Qa2 Kh8 24. Qc2 Bg4 25. Ra2 Qh5 26. Nd2 Bd8 27. Ne4 Qg6 28. Qc6 Be6 29. Bxe6 fxe6 30. Qxa6 Rxb3 31. Kg2 Kh7 32. Qd6 Qf5 33. Rc5 Bf6 34. Rxa5 R3b6 35. Nxf6+ gxf6 36. Ra7+ Kh8 37. Qd7 Qg6 38. Rc2 e4 39. a5 exd3 40. Rc8+ 1-0

[Event "EU-ch 2nd"]
[Site "Ohrid"]
[Date "2001.06.07"]
[Round "7"]
[White "Movsesian, Sergei"]
[Black "Gyimesi, Zoltan"]
[Result "1-0"]
[WhiteElo "2661"]
[BlackElo "2571"]
[Annotator "Horn,Peter"]
[PlyCount "105"]
[EventDate "2001.06.01"]
[EventType "swiss"]
[EventRounds "13"]
[EventCountry "YUG"]
[SourceTitle "CBM 084"]
[Source "ChessBase"]
[SourceDate "2001.09.13"]
[SourceVersion "1"]
[SourceVersionDate "2001.09.13"]
[SourceQuality "1"]

1. Nf3 d5 2. g3 c6 3. Bg2 Bg4 4. O-O Nd7 5. d3 Ngf6 6. h3 Bh5 7. Qe1 e5 8. e4 dxe4 9. dxe4 Bc5 10. Nbd2 O-O 11. Nc4 Re8 12. a4 Nb6 13. Na5 Qc7 $6 ({Schade, daß Gyimesi nicht wissen möchte, was Movsesian gegen Beliavskys interessante Verteidigungsidee geplant hatte:} 13... Rb8 14. Nh4 Nc8 {Die Idee von 13...b8: der c5 kann sich nach b6 zurückziehen und der c8 strebt nach d6.} 15. b4 Bb6 $132 {Akopian,V-Beliavsky,A/Ubeda 1997/CBM 58}) 14. Nh4 Nfd7 15. b4 Bf8 ({Einen Gedanken wert war auch} 15... Be7 16. Nf5 {wonach der d7 ggf. über f8 nach e6 überführt werden könnte.}) 16. c4 ({RR} 16. Nf5 f6 17. Ne3 Bf7 18. c3 Nc8 19. Qe2 Nd6 20. Bd2 a6 21. Rfc1 b6 22. Nac4 Nxc4 23. Nxc4 b5 24. Nb2 Nb6 25. Bf1 Nc4 26. Nxc4 Bxc4 27. Qe1 Qf7 {½-½ (27) Werle,J (2574)-Gyimesi,Z (2595) Germany 2010}) 16... c5 17. b5 a6 (17... Be7 18. Nf5 Nf8 {[%cal Yf8e6]} 19. f4 Bf6 (19... Ne6 20. g4 $18) (19... exf4 20. Bxf4 Qd7 21. g4 Bg6 22. Rd1 $16) 20. g4 Bg6 $13) 18. Bb2 $146 ({RR} 18. Bd2 f6 19. Nf5 Nxa4 20. Rxa4 axb5 21. cxb5 b6 22. Qa1 bxa5 23. Ne3 Bf7 24. Rb1 Nb6 25. Rxa5 Qb7 26. Ra6 c4 27. Bb4 Nd7 28. Bxf8 Rxf8 29. Rxa8 Rxa8 30. Qc3 Nb6 31. Rd1 Qc7 32. Qb4 c3 {Moranda,W (2560)-Ragger,M (2666) Legnica 2013 0-1 (36)}) ({RR} 18. Bd2 axb5 19. axb5 Be7 20. Nf5 Nf8 21. f4 Bf6 22. g4 Bg6 23. g5 Bd8 24. fxe5 Rxe5 25. Bc3 Ne6 26. Nxb7 Qxb7 27. Bxe5 Nxc4 28. Bxg7 Nxg7 29. Qc3 Ne6 30. Rxa8 Qxa8 31. Nh6+ Kf8 32. Qxc4 Nxg5 {Malakhov,V (2690)-Gyimesi,Z (2610) Sibenik 2007 1-0 (33)}) 18... axb5 (18... Nc8 19. Nf5 $140 Nd6) 19. axb5 Ra7 20. Nf5 Rea8 21. Ne3 Bd6 22. h4 {[%cal Yg2h3]} f6 23. Bh3 Nf8 24. Bc3 Qd8 (24... Bf7 {[%cal Yf8e6]}) 25. Qd2 Bc7 26. Qc2 Bf7 (26... Bf3 27. Rfe1 Na4 28. Rxa4 Bxa5 29. Bxa5 Rxa5 30. Rxa5 Qxa5 31. Rf1) 27. Rfd1 Qe8 28. Qe2 {ermöglicht b3} Be6 (28... Ne6 29. Bxe6 Bxe6 30. Nb3 (30. Nd5 Nxd5 31. exd5 Bxa5 32. Bxa5 Bxd5 33. Rxd5 Rxa5 34. Rxa5 Rxa5 35. Rxc5 $14) 30... Na4 (30... Ra3 31. Rxa3 Rxa3 32. Qb2 $16) 31. Be1 Qf7 32. Nd5 $14) 29. Bg2 (29. Bxe6+ $2 {käme Schwarz entgegen:} Nxe6) 29... Bf7 30. Nb3 Rxa1 (30... Ne6 31. Nd5) 31. Rxa1 Rxa1+ 32. Bxa1 Ne6 33. Nd5 Qa8 34. Bh3 Nxd5 35. exd5 Nd4 36. Bxd4 cxd4 $8 37. Nc5 (37. Qg4 b6 38. Qd7 Qd8 39. Qxd8+ Bxd8 $11 {[%cal Yg8f8,Yf8e7,Ye7d6]}) 37... b6 38. Ne4 Qd8 39. h5 g6 40. g4 Bd6 41. Qf3 Be7 42. Kh2 h6 $6 (42... Kh8) (42... Kg7) 43. Bf1 {[%cal Yf1d3]} Qc8 (43... gxh5 44. gxh5 $16) 44. Ng3 (44. d6 Bd8 45. Nxf6+ Bxf6 46. hxg6 Qe6 47. gxf7+ Qxf7 48. Bd3) 44... Bb4 45. Ne4 ({Ich verstehe nicht, warum Movsesian der Einladung nicht folgt:} 45. hxg6 Bxg6 46. Qxf6 Qxg4 47. Qxb6 $18) 45... f5 46. Ng3 f4 $1 (46... fxg4 $2 47. Qe4 $1 (47. Qf6 $2 gxh5 48. Nf5 Bf8) 47... gxh5 48. Bd3 Kf8 (48... Qc7 $2 49. Qh7+ Kf8 50. Bg6 $18) 49. Qh7 Qd8 50. Qh8+ Ke7 51. Qxe5+ Kf8 52. Nf5 $18) 47. Ne4 gxh5 (47... Kg7) 48. gxh5 Qf5 $2 (48... Kh8 {und ich sehe (noch) nicht, wie Weiß gewinnt.}) 49. Bh3 $1 $18 Bxh5 50. Qxh5 Qxh5 51. Nf6+ Kf7 52. Nxh5 Bd6 53. Bf5 1-0

[Event "Liepajas Rokade"]
[Site "Liepaja"]
[Date "2001.08.02"]
[Round "3"]
[White "Sadvakasov, Darmen"]
[Black "Kveinys, Aloyzas"]
[Result "1-0"]
[WhiteElo "2568"]
[BlackElo "2535"]
[PlyCount "51"]
[EventDate "2001.08.02"]
[EventType "tourn (rapid)"]
[EventRounds "11"]
[EventCountry "LAT"]
[EventCategory "14"]
[SourceTitle "CBM 085"]
[Source "ChessBase"]
[SourceDate "2001.11.13"]
[SourceVersion "1"]
[SourceVersionDate "2001.11.13"]
[SourceQuality "1"]

1. e4 c5 2. Nf3 e6 3. g3 b6 4. Bg2 Bb7 5. d3 d6 6. O-O Nf6 7. c3 ({RR} 7. a4 Be7 8. Nc3 O-O 9. e5 dxe5 10. Nxe5 Qc8 11. Bf4 Nc6 12. Qf3 Na5 13. Qe2 Nc6 14. Qf3 Na5 15. Qe2 Nc6 16. Nxc6 Bxc6 17. Rfe1 Rd8 18. a5 b5 19. a6 b4 20. Ne4 Nd5 21. Be3 Nxe3) 7... Be7 ({RR} 7... Qc7 8. Re1 Nbd7 9. Nbd2 Be7 10. d4 cxd4 11. cxd4 Rc8 12. Bf1 Qc2 13. Qxc2 Rxc2 14. Bd3 Rc7 15. Nb3 O-O 16. a4 a6 17. Bf4 Rfc8 18. Nfd2 Nh5 19. Be3 Nhf6 20. f3 e5 21. d5 Nc5 22. Nxc5) 8. Nbd2 O-O 9. a3 Nc6 ({RR} 9... Qc7 10. Rb1 Nbd7 11. Re1 Rac8 12. Qe2 Ba6 13. b3 Ng4 14. c4 Bf6 15. b4 cxb4 16. Rxb4 Nge5 17. Nxe5 dxe5 18. Rb1 Rfd8 19. Nb3 b5 20. cxb5 Bxb5 21. Be3 Qc6 22. Bf1 Qa6 23. Qb2 Bxd3 24. Bxd3 {Santos Flores,A (2168)-Van Bemmelen,U (2146) Budapest HUN 2024 ½-½ (54)}) ({RR} 9... Nbd7 10. b4 Qc7 11. Qe2 cxb4 12. cxb4 Ba6 13. Rb1 Rac8 14. Re1 Rfd8 15. b5 Bb7 16. d4 Qb8 17. Bb2 Rc2 18. Qd1 Rdc8 19. Bf1 R2c7 20. Bd3 Qa8 21. Qe2 Nf8 22. e5 dxe5 23. dxe5 N6d7 24. Bd4) 10. Qe2 Rc8 11. b4 Ne5 $146 ({RR} 11... Ba6 12. Rb1 Ne5 13. Nxe5 dxe5 14. b5 Bb7 15. Nc4 Nd7 16. f4 exf4 17. Bxf4 Nf6 18. a4 Ne8 19. a5 bxa5 20. b6 axb6 21. Rxb6 Ba8 22. Ra1 g5 23. Bd2 Nd6 24. Bxg5 Nxc4 25. Bxe7 Qxe7 26. dxc4 {Littlewood,J (2305)-Biebinger,G (2383) Dresden 2002 1-0 (43)}) 12. Bb2 Qd7 13. Ne1 Qa4 14. f4 Ng6 15. Nef3 Qc2 16. Rfb1 c4 17. Ne1 cxd3 18. Qe3 Qa4 19. c4 Rfe8 20. Qxd3 d5 21. cxd5 exd5 22. e5 Ne4 23. Rc1 Nxd2 24. Qxd2 Qd7 25. Nf3 Rc4 26. Rxc4 1-0

[Event "Wch U20"]
[Site "Athens"]
[Date "2001.08.24"]
[Round "8"]
[White "Aronian, Levon"]
[Black "Bu, Xiangzhi"]
[Result "1-0"]
[WhiteElo "2562"]
[BlackElo "2553"]
[PlyCount "111"]
[EventDate "2001.08.16"]
[EventType "swiss"]
[EventRounds "13"]
[EventCountry "GRE"]
[SourceTitle "EXT 2002"]
[Source "ChessBase"]
[SourceDate "2001.11.25"]
[SourceVersion "1"]
[SourceVersionDate "2001.11.25"]
[SourceQuality "1"]

1. Nf3 {ChessBase Horn,Peter} Nf6 2. g3 d5 3. Bg2 c6 4. O-O Bg4 5. d3 Nbd7 6. Qe1 e5 7. e4 dxe4 8. dxe4 Bc5 9. Nbd2 O-O 10. h3 Bh5 11. Nc4 Re8 12. a4 Qc7 13. Nh4 b5 14. Na5 Bb6 ({RR} 14... Nb6 15. Qc3) 15. Nb3 a6 16. Bg5 ({RR} 16. a5 Ba7 17. Be3 Rab8 18. Nd2 Nf8 19. f4 exf4 20. gxf4 Rbd8 21. Ra3 Ne6 22. e5 Nxf4 23. Rxf4 Qxe5 24. Re4 Nxe4 25. Nxe4 Rd1 26. Qxd1 Bxe3+ 27. Rxe3 Bxd1 28. Nf6+ gxf6 29. Rxe5 fxe5 30. Bxc6 Rc8 {Pribelszky,B (2380)-Royal,S (2452) Budapest HUN 2023 0-1 (31)}) 16... h6 $146 ({RR} 16... c5 17. a5 Ba7 18. c4 h6 ({RR} 18... bxc4 19. Nd2) 19. Be3 Rab8 20. Nd2 Nf8 21. g4 ({RR} 21. f3 Red8 22. Qf2) 21... Bg6 22. f4 ({RR} 22. Nxg6 Nxg6) 22... exf4 23. Bxf4 Qd7 24. e5 ({RR} 24. Bxb8 Bxb8) 24... Bd3 25. Qf2 Bxf1 26. Rxf1 N6h7 27. Nf5 ({RR} 27. e6 Nxe6 28. Bxb8 Rxb8) 27... Ng6 ({RR} 27... Ne6 28. Bxh6 gxh6 29. Nxh6+ Kg7 30. Qxf7+ Qxf7 31. Rxf7+ Kxh6 32. Rxa7) 28. Nd6 ({RR} 28. Bxh6 gxh6 29. Nxh6+ Kg7 30. Qxf7+ Qxf7 31. Rxf7+ Kxh6 32. Rxa7) 28... Rxe5 ({RR} 28... Nxf4 29. Qxf4 Rf8) 29. Bxe5 Nxe5 30. N2e4 bxc4 31. Qe2 {Aronian,L (2528)-Korobov,A (2401) Ohrid 2001 CBM 084 [Horn,Peter] ½-½ (51)}) ({RR} 16... c5 17. a5 Ba7 18. c4 Rab8 19. Nd2 h6 20. Be3 Nf8 21. f4 exf4 22. Bxf4 Qd8 23. Nf5 Ne6 24. e5 ({RR} 24. Bxb8) 24... Nd4 ({RR} 24... Nxf4 25. gxf4) 25. Nd6 Re6 26. Qf2 Ne8 27. g4 Nxd6 28. exd6 Re2 29. gxh5 Rxf2 30. Rxf2 Qh4 31. Re1 {Aronian,L (2783)-Kramnik,V (2780) Shanghai 2010 CBM 138 [ChessBase] 1-0 (59)}) 17. Bd2 c5 18. c4 bxc4 19. Na5 c3 20. Bxc3 c4 21. g4 Bg6 22. Nxg6 fxg6 23. Bb4 Rab8 24. Rc1 Bxa5 25. Bxa5 Qc6 26. b4 Qxa4 27. Rxc4 Qb3 28. Qc3 Qxc3 29. Rxc3 Nf8 30. Re1 Rec8 31. Rec1 Rxc3 32. Rxc3 Ne6 33. f3 Kf7 34. Bf1 Ra8 35. Rc6 Nd4 36. Rc7+ Ke6 37. Bc4+ Kd6 38. Rxg7 Rc8 39. Rxg6 Rxc4 40. Rxf6+ Ke7 41. Rxa6 Rc2 42. Bb6 Nxf3+ 43. Kf1 Ng5 44. Bc5+ Kf7 45. Rxh6 Nxe4 46. Ke1 Rh2 47. h4 Kg7 48. g5 Ng3 49. Bd6 Re2+ 50. Kd1 Re4 51. Bc5 Nf5 52. Rf6 Nxh4 53. b5 Rc4 54. Rc6 Nf5 55. b6 Ne3+ 56. Kd2 1-0